Responses for show #7412 - Tuesday, November 29, 2016

Contestants

[<< previous game]

Jennifer Berry, a Medicare appeals coordinator from Indianapolis, Indiana

Dan Chafetz, a data specialist from Essex Junction, Vermont

Justin Bender, a technical engineer from Boulder, Colorado (whose 2-day cash winnings total $20,799)

[next game >>]

Jeopardy! Round responses

WINNING!
KIDS' BOOKS
RHYME TIME
OCTOPI-POURRI
CORNERSTONES
TAKE THE "A" TRAINING
    $200 28
[The end-of-round signal sounds.]

Tom Sawyer

Dan
    $200 10
Spiderman

Justin
    $200 26
Paul Revere

Justin
    $200 1
accounting

Dan
    $400 3
(Jennifer: Who is Reggie Jackson?)

the Yankees

DanJennifer
    $400 27
the labyrinth

Justin
    $400 7
Humpty Dumpty

Dan
    $400 11
20,000 Leagues Under the Sea

Dan
    $400 25
St. Peter's

Jennifer
    $400 24
an announcer

Justin
    $600 2
(Bobby) Fischer

Justin
    $600 12
Bambi

Jennifer
    $600 6
hot spot

Justin
    $600 19
Finding Dory

Justin
    $600 17
Joseph Smith

Justin
    $600 16
acting

Dan
    $800 4
Navratilova

Dan
    $800 13
(Justin: What is The Big Friendly Giant?)

BFG

JustinJennifer
    $800 8
late date

Jennifer
    $800 20
tapas

Justin
    $800 18
(Marquis de) Lafayette

Jennifer
    $800 15
architecture

Justin
    $1000 5
(Jennifer: What is North Carolina?)
(Justin: What is Virginia?)

South Carolina

JustinJennifer
Triple Stumper
    $1000 14
Black Beauty

Dan
    $1000 9
Oingo Boingo

Justin
    $1000 21
cephalopods

Justin
    $4,400 22
(Justin: What is Massachusetts?)
(Alex: No, Brown University is [*].)

Rhode Island

Justin
    $1000 23
(Alex: Less than a minute to go now.)

an arbitrator

Justin

Scores at the first commercial break (after clue 15):

Justin Dan Jennifer
$1,400 $3,200 $800

Scores at the end of the Jeopardy! Round:

Justin Dan Jennifer
$2,000 $4,000 $2,000

Double Jeopardy! Round responses

LEANING CONSERVATIVE
OSCAR-WINNING SHORTS
1960s COMPUTING
FROM "T" TO SHINING "T"
HELL
DAM NATION
    $400 1
Churchill

Dan
    $400 16
the Apollo program

Justin
    $400 11
the twist

Dan
    $400 24
Loki

Dan
    $400 18
Turkey

Jennifer
    $800 2
Goldwater

Dan
    $800 29
(Dan: What is Pixar?)
(Jennifer: What is National Geographic?)
[The end-of-round signal sounds.]

Disney

DanJennifer
Triple Stumper
    $800 17
(Dan: What is a mouse?)

a touchscreen

DanJennifer
    $5,200 10
a turncoat

Justin
    $800 12
Virgil

Dan
    $800 19
Egypt

Dan
    $1200 3
Kemp

Dan
    $1200 25
Pakistan

Triple Stumper
    $1200 22
Cosmopolitan

Justin
    $1200 7
a tryst

Justin
    $1200 13
pandemonium

Triple Stumper
    $1200 14
Iran

Justin
    $4,000 4
(Dan: What is the Big House?)

the Log Cabin Republicans

Dan
    $1600 26
(Alex: And we have less than a minute to go now.)

Marc Chagall

Dan
    $1600 23
hypertext

Dan
    $1600 8
a trivet

Jennifer
    $1600 6
The Gates of Hell

Dan
    $1600 21
China

Jennifer
    $2000 5
(Bill) Kristol

Dan
    $2000 28
John Ford

Triple Stumper
    $2000 27
ASCII

Justin
    $2000 9
a tenet

Justin
    $2000 15
Tartarus

Triple Stumper
    $2000 20
Panama

Triple Stumper

Scores at the end of the Double Jeopardy! Round:

Justin Dan Jennifer
$15,200 $10,000 $5,600

[wagering suggestions for these scores]

Final Jeopardy! Round responses

LITERATURE
(Alex: Boo, hiss. Shades of Big Brother here.)
JenniferWhat is 1984?
$1,800
DanWhat is the
$9,999
JustinWhat is 1984?
$4,801
1984

Final scores:

Justin Dan Jennifer
$20,001 $1 $7,400
3-day champion: $40,800 3rd place: $1,000 2nd place: $2,000

Game dynamics:

Coryat scores:

Justin Dan Jennifer
$15,200 $14,000 $5,600
20 R
(including 1 DD),
3 W
(including 1 DD)
19 R,
3 W
(including 1 DD)
9 R,
3 W

Combined Coryat: $34,800

The J! Archive is created by fans, for fans. The Jeopardy! game show and all elements thereof, including but not limited to copyright and trademark thereto, are the property of Jeopardy Productions, Inc. and are protected under law. This website is not affiliated with, sponsored by, or operated by Jeopardy Productions, Inc. Join the discussion at JBoard.tv.